| 000 | 01667cab a2200241 4500 | ||
|---|---|---|---|
| 001 | ABS47205 | ||
| 008 | 090401t1992 xxu||||| |||| 00| 0 eng d | ||
| 035 | _a(Sirsi) u61045 | ||
| 041 | _aeng | ||
| 245 | _aFairclough Building Limited V Borough Council of Port Talbot | ||
| 260 | _c1992 | ||
| 350 | _a0 | ||
| 490 |
_aConstruction Industry Law Letter _v1992 CILL 779-781(3) |
||
| 520 | _aCA 16 July 1992. In the early 1980s the council decided to build a new Civic Centre and invited applications from contractors to be entered onto the tendering list. On 31 March 1983 F applied to be on the list. The letter showed D as a local director whose wife was a senior assistant architect employed by the council. In November the council shortlisted six companies including F who were to be invited to tender. By this date D`s wife had become principal architect to the council. In June 1984 F and four other companies submitted their tenders. D`s wife wrote to the Borough Engineer disclosing an interest under Local Government Act 1982 s117 although he had realised the situation before this. D`s wife was due to be on the appraisal team however the Borough Engineer had second thoughts and took her off the team replacing her with the County Architect. He also took counsel`s opinion and reported to the Finance Policy and General Purposes Committee removing F from the tender list althoug | ||
| 650 | _aAPPLICATIONS TO TENDER | ||
| 650 | _aBREACH OF CONTRACT | ||
| 650 | _aDISCLOSURE OF INTEREST | ||
| 650 | _aLOCAL GOVERNMENT ACT 1982 S117 | ||
| 650 | _aTENDERS LIST | ||
| 690 | _aBUILDING AND CONSTRUCTION-CASE LAW | ||
| 942 | _n0 | ||
| 948 | _c04/03/1997 | ||
| 999 |
_c37741 _d37741 |
||